| 000 | 01481nam a22003017a 4500 | ||
|---|---|---|---|
| 001 | 1638 | ||
| 003 | FISKH | ||
| 005 | 20250313143403.0 | ||
| 008 | 230912b cb ||||| |||| 00| 0 khr d | ||
| 020 | _a9789924341475 | ||
| 040 |
_aFISKH _beng _cFISKH _dFISKH |
||
| 082 | _a597.982 | ||
| 100 | _aDonnio, Sylviane | ||
| 245 |
_aខ្ញុំចង់ស៊ីកូនក្មេង / _cនិពន្ធដោយ ស៊ីលវីយ៉ាន ដូនីយ៉ូ - គូររូបដោយ ដូរ៉ូតេ ដឺ ម៉ុងហ្រ្វេដ - បកប្រែពីភាសាបារាំងដោយ អ៊ូច សូលីដា |
||
| 260 |
_aParis : _bSipar, _c2022. |
||
| 300 |
_a24 pages : _bcolor illustrations ; _c15 × 19 cm |
||
| 490 | _aតស់អាន! | ||
| 505 | _aJ | ||
| 520 | _aកូនក្រពើឆាលីមិនព្រមស៊ីចំណីដែលឪពុកម្ដាយរកមកឳ្យទេ តែវាចង់ស៊ីកូនក្មេងវិញ។ | ||
| 520 | _aBaby Charlie refuses to eat the food his parents provide for him, but he wants to eat the baby. | ||
| 521 | 8 |
_a500
_bLexile estimate |
|
| 521 | 8 |
_aJ
_bRaz-Plus |
|
| 650 |
_aក្រពើ _vឪពុកម្ដាយ _xចំណី |
||
| 650 |
_aCrocodile _vParents _xFood |
||
| 700 |
_aSolyda, Ouch _eTranslator |
||
| 700 |
_aMonfreid, Dorothee de _eillustrator |
||
| 942 |
_2ddc _cKHB _n0 |
||
| 999 |
_c1638 _d1638 |
||